000 00818cam a2200241 i 4500
001 109820
005 20230410103525.0
008 130506b2009 cu a 000 0 spa
020 _a9789592750784
020 _a9592750785
050 1 4 _a118 PQ 7409
_bM671g 2009
082 0 0 _a861.44
100 1 _aMir, Pedro,
_d1913-2000.
245 1 0 _aGuantánamo en Pedro Mir /
_cErnesto Pérez Shelton.
260 _aGuantánamo :
_bEditorial El Mar y la Montaña,
_c2009.
300 _a49 p. :
_bil. ;
_c22 cm.
600 1 0 _aMir, Pedro
_xFriends and associates
_vAnecdotes.
600 1 0 _aMir, Pedro
_xHomes and haunts
_zCuba
_zGuantánamo.
650 0 _aPoets, Dominican
_y20th century
_vBiography.
600 1 4 _aMir, Pedro,
_d1913-2000
_vColecciones de escritos.
700 1 _aPérez Shelton, Ernesto,
_d1935-.
942 _2lcc
_cbk
999 _c20522
_d20522